Mafic-ultramafic igneous rocks and associated carbonatites of the Gem Park Complex, Custer and Fremont Counties, Colorado /

Bibliographic Details
Main Authors: Parker, Raymond L. (Raymond Laurence), Sharp, William N. (William Neil), 1922- (Author)
Format: Government Document Book
Language:English
Published: Washington : U.S. Govt. Print. Off, 1970.
Series:Geological Survey professional paper ; 649.
Subjects:

MARC

Tag First Indicator Second Indicator Subfields
LEADER 00000cam a2200000 4500
001 in00002784093
005 20151202171607.0
008 701119s1970 dcuab b 000 0 eng
010 |a  79608291  
035 |a (OCoLC)ocm00102382 
035 |a (OCoLC)102382 
040 |a DLC  |c DLC  |d IAS  |d BTCTA  |d UtOrBLW 
043 |a n-us-co 
049 |a TXAM 
050 0 0 |a QE75  |b .P9 no. 649 
051 |a QE461  |b .P32  |c Copy 2. 
082 0 0 |a 550/.8 s 
086 0 |a I 19.16:649 
100 1 |a Parker, Raymond L.  |q (Raymond Laurence) 
245 1 0 |a Mafic-ultramafic igneous rocks and associated carbonatites of the Gem Park Complex, Custer and Fremont Counties, Colorado /  |c by Raymond L. Parker and William N. Sharp. 
264 1 |a Washington :  |b U.S. Govt. Print. Off,  |c 1970. 
300 |a viii, 24 pages :  |b illustrations, map. ;  |c 29 cm. 
336 |a text  |b txt  |2 rdacontent 
337 |a unmediated  |b n  |2 rdamedia 
338 |a volume  |b nc  |2 rdacarrier 
490 1 |a Geological Survey professional paper 649 
504 |a Bibliography: pages 23-24. 
650 0 |a Igneous rocks. 
650 0 |a Carbonatites. 
650 0 |a Petrology  |z Colorado  |z Custer Co. 
650 0 |a Petrology  |z Colorado  |z Fremont Co. 
700 1 |a Sharp, William N.  |q (William Neil),  |d 1922-  |e author. 
830 0 |a Geological Survey professional paper ;  |v 649. 
948 |a cataloged  |b h  |c 2012/12/3  |d c  |e mvaldespin  |f 01:28:14 pm 
994 |a C0  |b TXA 
999 |a MARS 
999 f f |s 9c5a34d0-d347-34e1-bede-bb0ffeb5ed12  |i d2acfaad-df3a-38cb-a6e9-593780a18e8d  |t 0 
952 f f |p normal  |a Texas A&M University  |b College Station  |c Sterling C. Evans Library  |d Evans: US Documents (Annex 5th floor)  |t 0  |e I 19.16:649  |h Superintendent of Documents classification  |i unmediated -- volume  |m A14839368903 
998 f f |a I 19.16:649  |t 0  |l Evans: US Documents (Annex 5th floor)